UM Logo

Declining Pell support at community colleges since the great recession / (Record no. 21681)

MARC details
000 -LEADER
fixed length control field 01048nam a22002537a 4500
003 - CONTROL NUMBER IDENTIFIER
control field OSt
005 - DATE AND TIME OF LATEST TRANSACTION
control field 20260210094515.0
008 - FIXED-LENGTH DATA ELEMENTS--GENERAL INFORMATION
fixed length control field 240916b ||||| |||| 00| 0 eng d
040 ## - CATALOGING SOURCE
Transcribing agency 0
082 ## - DEWEY DECIMAL CLASSIFICATION NUMBER
Classification number DPer 371.206005 J826 Winter-Spring 2023 v. 48 n. 3-4
100 ## - MAIN ENTRY--PERSONAL NAME
Personal name Katsinas, Stephen G.
Relator term author.
9 (RLIN) 61156
245 ## - TITLE STATEMENT
Title Declining Pell support at community colleges since the great recession /
Statement of responsibility, etc. Stephen G. Katsinas, Noel E. Keeney, Nathaniel J. Bray, and Patrick J. Kelly.
260 ## - PUBLICATION, DISTRIBUTION, ETC. (IMPRINT)
Place of publication, distribution, etc. Illinois ;
Name of publisher, distributor, etc. University of Illinois Press ,
Date of publication, distribution, etc. Winter 2023.
300 ## - PHYSICAL DESCRIPTION
Extent Volume 48, pages 289-305 :
Other physical details illustration ;
Dimensions 26 cm.
500 ## - GENERAL NOTE
General note Journal of Education Finance, vol. 48, no. 3, pages 289-305, Winter 2023.
650 #0 - SUBJECT ADDED ENTRY--TOPICAL TERM
Topical term or geographic name as entry element Access to education.
9 (RLIN) 68012
650 #0 - SUBJECT ADDED ENTRY--TOPICAL TERM
Topical term or geographic name as entry element Pell grant program.
9 (RLIN) 68017
650 #0 - SUBJECT ADDED ENTRY--TOPICAL TERM
Topical term or geographic name as entry element Higher education.
9 (RLIN) 2448
700 ## - ADDED ENTRY--PERSONAL NAME
Personal name Katsinas, Stephen G.
Relator term author.
9 (RLIN) 61156
700 ## - ADDED ENTRY--PERSONAL NAME
Personal name Keeney, Noel E.
Relator term author.
9 (RLIN) 61157
700 ## - ADDED ENTRY--PERSONAL NAME
Personal name Bray, Nathaniel J.
Relator term author.
9 (RLIN) 61158
700 ## - ADDED ENTRY--PERSONAL NAME
Personal name Kelly, Patrick J.
Relator term author.
9 (RLIN) 61159
942 ## - ADDED ENTRY ELEMENTS (KOHA)
Source of classification or shelving scheme Dewey Decimal Classification
Koha item type Periodicals
Holdings
Withdrawn status Lost status Source of classification or shelving scheme Damaged status Not for loan Collection code Home library Current library Date acquired Total Checkouts Full call number Date last seen Price effective from Koha item type Public note
    Dewey Decimal Classification     Periodicals UM Digos College - LIC UM Digos College - LIC 09/16/2024   DPer 371.206005 J826 Winter-Spring 2023 v. 48 n. 3-4 09/16/2024 09/16/2024 Periodicals Periodical Article